00600nam a2200193 i 4500001000300000100001900003245005300022250001200075260004400087300003500131504003600166650002300202020001500225040000800240041000700248080001200255008004100267856009800308bg1 aJACKSON, Peter10aIntroduction to expert systems /cPeter Jackson. a3rd ed. aHarlow [etc.] :bAddison-Wesley,c1999. aXVII, 542 s. :brys. ;c24 cm. aBibliogr. przy rozdz. - Indeks. 9aSystemy ekspertowe a0201876868 cBPK0 aen a004.891 s pl f |000 0 pol  uhttp://koha.tu.koszalin.pl/cgi-bin/koha/opac-detail.pl?biblionumber=36582yKatalog online BPK